| 000 | 01122cab a2200289 4500 | ||
|---|---|---|---|
| 001 | ABS50366 | ||
| 008 | 090401t1994 xxu||||| |||| 00| 0 eng d | ||
| 035 | _a(Sirsi) u75447 | ||
| 041 | _aeng | ||
| 100 | _aAdair, A. | ||
| 245 | _aInvestment and private sector residential development in inner-city Dublin | ||
| 260 | _c1994 | ||
| 350 | _a0 | ||
| 490 |
_aJournal of Property Valuation and Investment _v12(1) 1994, 47-56(10) |
||
| 520 | _aConsiders how fiscal incentives are being employed in inner-city Dublin to promote investment opportunity in the housing sector. Examines the operation of targeted tax-based incentives with illustrations to show how a demand-driven residential property market is being created in locations which were traditionally neglected by investors. | ||
| 650 | _aDUBLIN | ||
| 650 | _aPRIVATE SECTOR INVESTMENT | ||
| 650 | _aRESIDENTIAL DEVELOPMENT | ||
| 650 | _aTAX INCENTIVES | ||
| 650 | _aTAXATION | ||
| 690 | _aPROPERTY-PROPERTY FINANCE AND INVESTMENT | ||
| 690 | _aURBAN RENEWAL | ||
| 700 | _aBerry, J. | ||
| 700 | _aMcGreal, S. | ||
| 942 | _n0 | ||
| 948 | _c04/03/1997 | ||
| 999 |
_c47497 _d47497 |
||